[Event "IND-ch U19 44th"]
[Site "Mumbai"]
[Date "2014.07.12"]
[Round "4"]
[White "Shreeshan, S."]
[Black "Akash, G."]
[Result "0-1"]
[WhiteElo "1964"]
[BlackElo "2352"]
[PlyCount "82"]
[EventDate "2014.07.10"]
[EventType "swiss"]
[EventRounds "11"]
[EventCountry "IND"]
[SourceTitle "EXT 2016"]
[Source "ChessBase"]
[SourceDate "2015.10.08"]
[SourceVersion "1"]
[SourceVersionDate "2015.10.08"]
[SourceQuality "1"]

1. d4 Nf6 2. Nf3 g6 3. c4 Bg7 4. Nc3 0-0 5. Bf4 d6 6. e3 b6 7. Be2 Bb7 8. 0-0 Nbd7 9. h3 Ne4 10. Nxe4 Bxe4 11. Nd2 Bb7 12. Bf3 Bxf3 13. Nxf3 e5 14. Bh2 Re8 15. Rc1 e4 16. Nd2 c5 17. Nb3 cxd4 18. exd4 Nb8 19. Qd2 Nc6 20. d5 Ne5 21. Bxe5 Bxe5 22. Nd4 Qf6 23. Rcd1 Bf4 24. Qc2 Qh4 25. Rde1 e3 26. Nf3 Qh6 27. Kh1 Re7 28. fxe3 Bg3 29. Re2 Rxe3 30. Rxe3 Qxe3 31. Nh2 h5 32. Rf3 Qe1+ 33. Rf1 Re8 34. Qd3 Qe5 35. Nf3 Qxb2 36. Ng5 Qe2 37. Qb1 Re7 38. Nf3 Qxc4 39. Rd1 Re2 40. Nd4 Rxa2 41. Ne6 Qc2 0-1